00773 2200301 4500001002100000005001700021008004100038020001800079035002400097082000800121090001500129100001200144245006900156250001100225260003800236300002800274500002500302500001100327650002100338650001800359700001200377700001900389850001200408980001500420985000600435999001500441999001500456YOGYA-0209000005049720090227032529.0 ind  a979-8581-91-5 0010-020900000050497 a808 a808bPra T aPRANOWO aTeknik menulis makalah seminarcPranowo, Sunarti, Siti Rochmiati aCet. 1 aYogyakartabPustaka Pelajarc1996 ax, 120 hlmbilusc20 cm aTermasuk Bibliografi aIndeks aPenulisan Teknis aKepengarangan aSumarti aSiti Rokhmiati aYOPDYOG a15-12-2007 a2 a97P0100340 a97P0100341